LEADER 01003nam a2200241 i 4500 001 000000081752 003 CaOOAMICUS 005 20180226000000.0 008 180226s1843 it u000 u ita u 013 $a53992 040 $aSeMil$bita 100 1 $aBartoli, Daniello,$c.$0(OLS)http://semarc/name/89705 245 10$aDel ghiaccio e della coagulazione :$btrattati /$cdel p. Daniello Bartoli. 260 $aTorino :$bGiacinto Marietti,$c1843. 300 $a208 p. ;$c21 cm. 650 4$aFisica.$0(OLS)http://semarc/subject/6493 650 4$aTermodinamica.$0(OLS)http://semarc/subject/37691 650 4$aCalorimetria.$0(OLS)http://semarc/subject/45492 850 $aSeMil 852 $aSeMil$W1$xVenegono$y1$m3W II 100 FA$j46947$B46947$CSeMilBibl$Z2$F49351 $8I 961 $aRecupero: Seminario di Seveso 996 $6245$aDel ghiaccio e della coagulazione :$btrattati$9(OLS)http://semarc/title/404733 996 $6260$aTorino :$bGiacinto Marietti$9(OLS)http://semarc/publisher/33229 LEADER 01049nam a2200253 i 4500 001 000000086094 003 CaOOAMICUS 005 20170609000000.0 008 170609s2013 it u000 u eng u 013 $a58334 020 $a978-0-9540337-7-4 040 $aSeMil$bita 100 1 $aHoban, Brendan.$0(OLS)http://semarc/name/92272 245 10$aWho will break the bread for us? :$bdisappeaning priests /$cBrendan Hoban. 260 $aDublin :$bBanley House,$c2013. 300 $a159 p. ;$c21 cm. 650 4$aSacerdozio - Crisi - Europa.$0(OLS)http://semarc/subject/18389 650 4$aIrlanda - Chiesa.$0(OLS)http://semarc/subject/45345 850 $aSeMil 852 $aSeMil$W1$xVenegono$y1$m2F III 459$j49876$B49876$CSeMilBibl$Z2$F53693 $81 961 $aLascito: Coronelli don Renato 996 $6020$a978-0-9540337-7-4$9(OLS)http://semarc/number/271773 996 $6245$aWho will break the bread for us? :$bdisappeaning priests$9(OLS)http://semarc/title/405820 996 $6260$aDublin :$bBanley House$9(OLS)http://semarc/publisher/56785